| Registos Bibliográficos associados ao registo de autoridade |
|
Etiqueta de registo: 00254nam 2200025 450 001 2285268 003 http://id.bnportugal.gov.pt/bib/catbnp/2285268 010 ## $a978-989-608-313-7 021 ## $aPT$b562306/26 100 ## $a20260426d2026 m d0pory01030103ba 101 0# $apor 102 ## $aPT 105 ## $aa b 000yy 106 ## $ar 200 1# $aOeiras educa$eda ardósia à rede transformadora$forg. Isaltino Morais$gcoord. Maria Paula Rodrigues... [et al.]$gfot. Carlos Santos... [et al.] 210 #9 $aOeiras,$cMunicípio de Oeiras,$dD.L. 2026 215 ## $a131 p.$cil.$d31 cm$eOeiras é cidade educadora ([1] f. desdobr.) 702 #1 $aMorais,$bIsaltino,$f1949-$4273$3123770 702 #1 $93$aRodrigues,$bMaria Paula$4340$31996926 702 #1 $94$aSantos,$bCarlos$4600$31088326 801 #0 $aPT$bBN$gRPC 966 ## $lBN$mFGMON$x1 966 ## $lBN$mFGMON$x1 971 ## $ciquintas$d20260427
|
|
|